[Event "CHN-chT"]
[White "Huang, Qian"]
[Black "Xu, Yuhua"]
[Site "Ningbo"]
[Round "8"]
[Result "1/2-1/2"]
[Date "2011.07.10"]
[WhiteElo "2394"]
[BlackElo "2484"]
[PlyCount "55"]
[EventDate "2011.04.12"]
[EventType "team-tourn"]
[EventRounds "18"]
[EventCountry "CHN"]
[SourceTitle "EXT 2012"]
[Source "ChessBase"]
[SourceDate "2011.11.24"]
[SourceVersion "1"]
[SourceVersionDate "2011.11.24"]
[SourceQuality "1"]
[WhiteTeam "Chongqing"]
[BlackTeam "Zhejiang"]
[WhiteTeamCountry "CHN"]
[BlackTeamCountry "CHN"]

1. Nf3 Nf6 2. c4 e6 3. g3 d5 4. Bg2 Be7 5. 0-0 0-0 6. b3 c5 7. d4 Nc6 8. e3 b6 9. Bb2 Bb7 10. Nbd2 Rc8 11. a3 cxd4 12. exd4 Ba6 13. Rc1 Na5 14. Qe2 dxc4 15. bxc4 Qe8 16. Rfe1 Qa4 17. Bf1 Rfe8 18. Qd1 Qxd1 19. Rexd1 Red8 20. Rc3 Rc7 21. Rdc1 Rdc8 22. Rd1 Rd8 23. Rdc1 Rdc8 24. Ne5 Bb7 25. Bg2 Bxg2 26. Kxg2 Nd7 27. Nd3 Nf6 28. Ne5 1/2-1/2

[Event "Doha FIDE GP (Women) 6th"]
[White "Xu, Yuhua"]
[Black "Koneru, Humpy"]
[Site "Doha"]
[Round "9"]
[Result "1/2-1/2"]
[Date "2011.03.03"]
[WhiteElo "2484"]
[BlackElo "2607"]
[PlyCount "211"]
[EventDate "2011.02.22"]
[EventType "tourn"]
[EventRounds "11"]
[EventCountry "QAT"]
[EventCategory "10"]
[SourceTitle "CBM 141"]
[Source "ChessBase"]
[SourceDate "2011.03.17"]
[SourceVersion "1"]
[SourceVersionDate "2011.03.17"]
[SourceQuality "1"]

1. e4 c5 2. Nf3 e6 3. d4 cxd4 4. Nxd4 a6 5. Bd3 Bc5 6. Nb3 Be7 7. Be3 Nc6 8. N1d2 Nf6 9. f4 d6 10. a3 e5 11. f5 d5 12. Qf3 d4 13. Bf2 h5 14. h3 h4 15. 0-0-0 Bd7 16. Bc4 b5 17. Bd5 Rc8 18. Kb1 b4 19. a4 Na5 20. Nxa5 Qxa5 21. Bb3 Bxa4 22. Nc4 Qb5 23. Nb6 Qxb6 24. Bxa4+ Kf8 25. Rhe1 Rh6 26. Bb3 Qc6 27. g4 Nd7 28. Re2 a5 29. g5 Bxg5 30. Rg1 Bf6 31. Be1 Nb6 32. Bd2 Rh7 33. Reg2 Nc4 34. Qd3 Nxd2+ 35. Rxd2 a4 36. Bd5 Qb6 37. Bc4 Rc5 38. Rdg2 Ke7 39. b3 a3 40. Ka2 Rh8 41. Qe2 Rhc8 42. Bd3 R8c6 43. Rd1 Rc3 44. Rd2 Qc7 45. Qf2 Kd8 46. Qe2 Kc8 47. Qf2 Kb8 48. Qe2 Ka7 49. Qd1 g6 50. fxg6 fxg6 51. Qg4 Be7 52. Rgf2 Kb6 53. Rde2 Qd8 54. Rf7 Ka5 55. Rg2 Qc7 56. Qe2 Qd6 57. Rg7 g5 58. Rf7 Qe6 59. Rf5 Kb6 60. Rgf2 Ka7 61. Rg2 Rc7 62. Rgf2 R3c5 63. Rg2 Qh6 64. Qg4 Qc6 65. Qe2 Qe8 66. Qg4 Qc8 67. Qd1 Kb6 68. Qd2 Ka7 69. Qd1 R7c6 70. Qe2 Qc7 71. Qd1 Qd6 72. Qe2 Rc8 73. Qd1 R5c7 74. Qe2 Qc5 75. Bc4 Rd8 76. Qd3 Qd6 77. Qe2 Rdc8 78. Bd3 Qe6 79. Qd1 Rg8 80. Qg4 Qd6 81. Rff2 Qc5 82. Bc4 Rd8 83. Qe2 Qc6 84. Rf5 Qc5 85. Rff2 Kb8 86. Rf5 Rd6 87. Qd3 Rdc6 88. Qe2 Bd8 89. Qg4 Qd6 90. Bd3 Rg7 91. Rgf2 Be7 92. Rg2 Rc8 93. Rgf2 Qc7 94. Bc4 Rd8 95. Rg2 Rg6 96. Qe2 Rf8 97. Qg4 Rxf5 98. Qxf5 Rc6 99. Qf7 Bd8 100. Qg8 Ka7 101. Rf2 Rf6 102. Rxf6 Bxf6 103. Qe6 Bd8 104. Qa6+ Kb8 105. Qb5+ Ka7 106. Qa6+ 1/2-1/2

[Event "Kuala Lumpur op 7th"]
[White "Xu, Yuhua"]
[Black "Guo, Qi"]
[Site "Kuala Lumpur"]
[Round "6"]
[Result "1/2-1/2"]
[Date "2010.09.04"]
[WhiteElo "2475"]
[BlackElo "2167"]
[PlyCount "76"]
[EventDate "2010.09.01"]
[EventType "swiss"]
[EventRounds "9"]
[EventCountry "MAS"]
[SourceTitle "CBM 138 Extra"]
[Source "ChessBase"]
[SourceDate "2010.10.29"]
[SourceVersion "1"]
[SourceVersionDate "2010.10.29"]
[SourceQuality "1"]

1. e4 e6 2. d4 d5 3. Nd2 Be7 4. Bd3 c5 5. dxc5 Nf6 6. Qe2 a5 7. Ngf3 0-0 8. 0-0 Na6 9. e5 Nd7 10. c3 Naxc5 11. Bc2 b6 12. Re1 f6 13. exf6 Bxf6 14. Nf1 e5 15. Qd1 Bb7 16. Ne3 e4 17. Nd4 Ne5 18. Ng4 Qd7 19. Nxe5 Bxe5 20. Be3 Ba6 21. Qh5 Rae8 22. Nb3 g6 23. Qd1 Qd6 24. h4 Rd8 25. Qd2 a4 26. Nxc5 bxc5 27. Bxa4 Bd3 28. Bc2 c4 29. Bxd3 cxd3 30. a4 Rb8 31. a5 d4 32. cxd4 Bxd4 33. Ra2 Rfc8 34. Bxd4 Qxd4 35. Qf4 Rf8 36. Qd2 Rfc8 37. Qf4 Rf8 38. Qd2 Rfc8 1/2-1/2

[Event "Kuala Lumpur op 7th"]
[White "Xu, Yuhua"]
[Black "Kojima, Shinya"]
[Site "Kuala Lumpur"]
[Round "2"]
[Result "1/2-1/2"]
[Date "2010.09.02"]
[WhiteElo "2475"]
[BlackElo "2334"]
[PlyCount "150"]
[EventDate "2010.09.01"]
[EventType "swiss"]
[EventRounds "9"]
[EventCountry "MAS"]
[SourceTitle "CBM 138 Extra"]
[Source "ChessBase"]
[SourceDate "2010.10.29"]
[SourceVersion "1"]
[SourceVersionDate "2010.10.29"]
[SourceQuality "1"]

1. e4 c6 2. d4 d5 3. Nd2 dxe4 4. Nxe4 Bf5 5. Ng3 Bg6 6. h4 h6 7. Nf3 Nd7 8. h5 Bh7 9. Bd3 Bxd3 10. Qxd3 e6 11. Bd2 Ngf6 12. 0-0-0 Be7 13. Kb1 0-0 14. Ne4 Nxe4 15. Qxe4 Nf6 16. Qe2 Qd5 17. Ne5 Qe4 18. Qxe4 Nxe4 19. Be3 Rfd8 20. g4 c5 21. f3 cxd4 22. Bxd4 Bc5 23. Bxc5 Nxc5 24. c3 Kf8 25. b4 Na4 26. Kc2 b5 27. c4 bxc4 28. Nxc4 Ke7 29. Kb3 Nb6 30. Nxb6 axb6 31. a4 Rd5 32. Rxd5 exd5 33. Rc1 Kd7 34. b5 Re8 35. a5 bxa5 36. Ka4 Rd8 37. Kxa5 d4 38. Rd1 Kc7 39. Rd3 Kb7 40. f4 Rd5 41. Kb4 Kb6 42. Kc4 Rxb5 43. Kxd4 Kc6 44. Ke4 Rb4+ 45. Kf3 Kc7 46. Rd5 Rb6 47. Rf5 Rb3+ 48. Ke4 Rb4+ 49. Ke3 f6 50. Ra5 Kb7 51. Rc5 Ra4 52. Kf3 Rb4 53. Rc3 Rd4 54. Rc1 Rb4 55. Re1 Rc4 56. Re3 Rc7 57. Rd3 Rc4 58. Ke3 Rc7 59. Rb3+ Kc8 60. Ke4 Kd7 61. Kf5 Ke7 62. Kg6 Rc4 63. Rb7+ Ke6 64. Rxg7 Rxf4 65. Kxh6 Ra4 66. Kh7 Ra8 67. h6 Ra4 68. g5 fxg5 69. Kg6 Rh4 70. Rg8 g4 71. Re8+ Kd5 72. h7 g3 73. Re1 g2 74. Rg1 Rh2 75. Kg7 Ke4 1/2-1/2

[Event "Kuala Lumpur op 7th"]
[White "Rian, Kapriaga"]
[Black "Xu, Yuhua"]
[Site "Kuala Lumpur"]
[Round "1"]
[Result "0-1"]
[Date "2010.09.01"]
[WhiteElo "2096"]
[BlackElo "2475"]
[PlyCount "64"]
[EventDate "2010.09.01"]
[EventType "swiss"]
[EventRounds "9"]
[EventCountry "MAS"]
[SourceTitle "CBM 138 Extra"]
[Source "ChessBase"]
[SourceDate "2010.10.29"]
[SourceVersion "1"]
[SourceVersionDate "2010.10.29"]
[SourceQuality "1"]

1. e4 e6 2. d4 d5 3. Nc3 Nf6 4. exd5 exd5 5. Bg5 Be7 6. Qf3 c6 7. Bd3 Qb6 8. Nge2 h6 9. Bxf6 Bxf6 10. 0-0-0 Na6 11. Rhe1 0-0 12. g4 Nb4 13. Bf5 Bxf5 14. Qxf5 Qd8 15. Ng3 g6 16. Qf3 Bg7 17. Kb1 b5 18. Qe2 Qd7 19. Qe7 Qxe7 20. Rxe7 Bf6 21. Re2 Na6 22. Ree1 Rfe8 23. Rxe8+ Rxe8 24. Nce2 Nc7 25. c3 a5 26. Kc2 Ne6 27. f4 Nd8 28. a4 Nb7 29. Kd3 Nd6 30. Ra1 Bd8 31. b3 Bc7 32. Rf1 f6 0-1

[Event "Ulaanbaatar FIDE GP (Women)"]
[White "Xu, Yuhua"]
[Black "Koneru, Humpy"]
[Site "Ulaanbaatar"]
[Round "11"]
[Result "1/2-1/2"]
[Date "2010.08.11"]
[WhiteElo "2488"]
[BlackElo "2600"]
[PlyCount "119"]
[EventDate "2010.07.30"]
[EventType "tourn"]
[EventRounds "11"]
[EventCountry "MGL"]
[EventCategory "11"]
[SourceTitle "CBM 138"]
[Source "ChessBase"]
[SourceDate "2010.09.17"]
[SourceVersion "1"]
[SourceVersionDate "2010.09.17"]
[SourceQuality "1"]

1. e4 c5 2. Nf3 e6 3. d4 cxd4 4. Nxd4 Nf6 5. Nc3 d6 6. Be3 a6 7. Be2 Qc7 8. Qd2 b5 9. a3 Bb7 10. f3 Nc6 11. g4 Ne5 12. 0-0-0 Nc4 13. Bxc4 Qxc4 14. Nb3 Qc7 15. Bf4 Rd8 16. Kb1 Be7 17. h4 Qb6 18. Be3 Qc7 19. Qf2 Rc8 20. Bd4 Rg8 21. g5 Nd7 22. f4 Nc5 23. Rhe1 Na4 24. e5 d5 25. Rd3 g6 26. h5 Bc6 27. Nxa4 bxa4 28. Nc5 Qa5 29. Rc3 Qb5 30. Ka2 Rb8 31. Rb1 Bd7 32. b3 Qa5 33. Qd2 Bd8 34. Rh1 Qb5 35. Rch3 axb3+ 36. cxb3 Bb6 37. a4 Qc6 38. Nxa6 Ra8 39. Rc1 Qb7 40. Bxb6 Rxa6 41. Bc5 Bc6 42. Qd4 Qb5 43. hxg6 hxg6 44. Rh2 Kd7 45. Rh7 Ke8 46. Ba3 Qb7 47. Rch1 Kd8 48. Qc5 Be8 49. Rc1 Rc6 50. Qa5+ Qc7 51. Qa8+ Qc8 52. Qxc8+ Kxc8 53. Rc5 Kc7 54. Kb2 d4 55. Kc2 Kb6 56. Rxc6+ Kxc6 57. Kd3 Kd5 58. Rh1 Bd7 59. Rc1 Rc8 60. Rc4 1/2-1/2

[Event "Ulaanbaatar FIDE GP (Women)"]
[White "Shen, Yang"]
[Black "Xu, Yuhua"]
[Site "Ulaanbaatar"]
[Round "10"]
[Result "1/2-1/2"]
[Date "2010.08.10"]
[WhiteElo "2435"]
[BlackElo "2488"]
[PlyCount "48"]
[EventDate "2010.07.30"]
[EventType "tourn"]
[EventRounds "11"]
[EventCountry "MGL"]
[EventCategory "11"]
[SourceTitle "CBM 138"]
[Source "ChessBase"]
[SourceDate "2010.09.17"]
[SourceVersion "1"]
[SourceVersionDate "2010.09.17"]
[SourceQuality "1"]

1. d4 Nf6 2. c4 e6 3. Nc3 Bb4 4. Qc2 0-0 5. a3 Bxc3+ 6. Qxc3 d5 7. Nf3 b6 8. Bg5 dxc4 9. Qxc4 Ba6 10. Qc3 Nbd7 11. Ne5 Nxe5 12. dxe5 Ne4 13. Bxd8 Nxc3 14. Bxc7 Rfc8 15. Bd6 Ne4 16. f3 Nxd6 17. exd6 Rc2 18. e4 Bxf1 19. Rxf1 Rxg2 20. Rc1 Rd8 21. Rf2 Rg1+ 22. Rf1 Rg2 23. Rf2 Rg1+ 24. Rf1 Rg2 1/2-1/2

[Event "Ulaanbaatar FIDE GP (Women)"]
[White "Zhao, Xue"]
[Black "Xu, Yuhua"]
[Site "Ulaanbaatar"]
[Round "9"]
[Result "0-1"]
[Date "2010.08.08"]
[WhiteElo "2462"]
[BlackElo "2488"]
[PlyCount "138"]
[EventDate "2010.07.30"]
[EventType "tourn"]
[EventRounds "11"]
[EventCountry "MGL"]
[EventCategory "11"]
[SourceTitle "CBM 138"]
[Source "ChessBase"]
[SourceDate "2010.09.17"]
[SourceVersion "1"]
[SourceVersionDate "2010.09.17"]
[SourceQuality "1"]

1. d4 e6 2. c4 Nf6 3. Nf3 b6 4. g3 Bb7 5. Bg2 Be7 6. 0-0 0-0 7. Bg5 c5 8. dxc5 bxc5 9. Nc3 Qb6 10. Qc2 h6 11. Bxf6 Bxf6 12. Rfd1 Rd8 13. Rd2 d6 14. Rad1 Be7 15. Qb3 Qxb3 16. axb3 a6 17. Ne5 Bxg2 18. Kxg2 Rc8 19. Nf3 Nc6 20. Ne4 Rcb8 21. Rxd6 Bxd6 22. Rxd6 Na5 23. Nxc5 Nxb3 24. Nxa6 Rc8 25. Ne5 Na5 26. b4 Nxc4 27. Nxc4 Rxc4 28. b5 Ra7 29. Rb6 Kh7 30. h4 h5 31. Kf3 Rc2 32. Nb4 Rc5 33. Rb8 Ra3+ 34. Nd3 Rb3 35. b6 Rcb5 36. Rf8 f6 37. Kg2 e5 38. Rc8 Rxb6 39. Rc4 Rd6 40. Rc2 Ra3 41. Rb2 Rd5 42. Rc2 Rda5 43. Nc1 Rb5 44. Nd3 Rb1 45. Nc5 Raa1 46. Ne4 Rc1 47. Rb2 Ra4 48. Nd2 Rca1 49. Nf1 R1a2 50. Rxa2 Rxa2 51. e4 Ra4 52. Kf3 g6 53. Ne3 Kg7 54. Nf1 Kf7 55. Ne3 Ke6 56. Nf1 f5 57. exf5+ gxf5 58. Nd2 Ra3+ 59. Kg2 f4 60. gxf4 exf4 61. Ne4 Kf5 62. f3 Ra2+ 63. Kh3 Ra3 64. Kg2 Ke5 65. Ng5 Kd4 66. Ne4 Ra2+ 67. Kh3 Ra6 68. Kg2 Ke3 69. Nc3 Rg6+ 0-1

[Event "Ulaanbaatar FIDE GP (Women)"]
[White "Stefanova, Antoaneta"]
[Black "Xu, Yuhua"]
[Site "Ulaanbaatar"]
[Round "7"]
[Result "1-0"]
[Date "2010.08.06"]
[WhiteElo "2560"]
[BlackElo "2488"]
[PlyCount "115"]
[EventDate "2010.07.30"]
[EventType "tourn"]
[EventRounds "11"]
[EventCountry "MGL"]
[EventCategory "11"]
[SourceTitle "CBM 138"]
[Source "ChessBase"]
[SourceDate "2010.09.17"]
[SourceVersion "1"]
[SourceVersionDate "2010.09.17"]
[SourceQuality "1"]

1. d4 e6 2. c4 Nf6 3. g3 Be7 4. Bg2 d5 5. Nf3 0-0 6. 0-0 dxc4 7. Qc2 a6 8. a4 Bd7 9. Qxc4 Bc6 10. Bf4 a5 11. Nc3 Na6 12. Rac1 Nb4 13. Ne5 Bxg2 14. Kxg2 Nbd5 15. Nxd5 Qxd5+ 16. Qxd5 Nxd5 17. Bd2 c6 18. Rfd1 Rfd8 19. Nc4 Nb4 20. e3 f6 21. b3 Ra6 22. Kf3 h5 23. Ke2 Rd7 24. h3 Kf7 25. g4 hxg4 26. hxg4 Na2 27. Ra1 Nb4 28. g5 b5 29. gxf6 gxf6 30. Nb2 e5 31. axb5 cxb5 32. Bxb4 Bxb4 33. Nd3 Be7 34. dxe5 Rc7 35. Ra2 Rc3 36. Rda1 fxe5 37. Nxe5+ Ke6 38. Nf3 Bf6 39. Rxa5 Rxa5 40. Rxa5 Rxb3 41. Nd2 Rb4 42. Ra6+ Kf7 43. Kd3 Be5 44. Ne4 Rb3+ 45. Ke2 Rb2+ 46. Kf3 Rb4 47. Ng5+ Kg7 48. Rb6 Rb2 49. Ke4 Bf6 50. Ne6+ Kf7 51. f4 b4 52. Kf5 Be7 53. Rb7 Rc2 54. e4 Rc4 55. Nc7 Rc5+ 56. e5 Ra5 57. Ke4 Kg7 58. f5 1-0

[Event "Ulaanbaatar FIDE GP (Women)"]
[White "Xu, Yuhua"]
[Black "Zhu, Chen"]
[Site "Ulaanbaatar"]
[Round "4"]
[Result "1/2-1/2"]
[Date "2010.08.02"]
[WhiteElo "2488"]
[BlackElo "2476"]
[PlyCount "117"]
[EventDate "2010.07.30"]
[EventType "tourn"]
[EventRounds "11"]
[EventCountry "MGL"]
[EventCategory "11"]
[SourceTitle "CBM 138"]
[Source "ChessBase"]
[SourceDate "2010.09.17"]
[SourceVersion "1"]
[SourceVersionDate "2010.09.17"]
[SourceQuality "1"]

1. e4 e5 2. Nf3 Nc6 3. Bb5 Nge7 4. Nc3 g6 5. h4 Bg7 6. h5 d5 7. hxg6 hxg6 8. Rxh8+ Bxh8 9. Bxc6+ bxc6 10. d3 Bg4 11. Qe2 Qd6 12. Bd2 Rb8 13. Na4 dxe4 14. dxe4 c5 15. 0-0-0 Qc6 16. b3 c4 17. Qxc4 Qxc4 18. bxc4 Nc6 19. Bc3 Bg7 20. Rd5 f6 21. Rb5 Be6 22. Nb2 Kd7 23. Rxb8 Nxb8 24. Nd2 Bh6 25. Kd1 Na6 26. Nb3 Bf8 27. f4 Bg4+ 28. Ke1 exf4 29. Nd3 f3 30. gxf3 Bxf3 31. Nd2 Bh5 32. Bxf6 Nb4 33. Kf2 Nxc2 34. Bc3 Bh6 35. Kg3 g5 36. Nf3 Ne3 37. Nfe5+ Ke6 38. Bd4 Nc2 39. Bxa7 Bf8 40. Nf3 Bd6+ 41. e5 Bxf3 42. exd6 Be2 43. dxc7 Kd7 44. Ne5+ Kxc7 45. Kf2 Bd1 46. Bc5 Kb7 47. Be7 Kb6 48. Bxg5 Kc5 49. Nd3+ Kd4 50. Nb2 Bh5 51. Bf6+ Kc5 52. Be7+ Kd4 53. c5 Nb4 54. a4 Nc6 55. Bf8 Kc3 56. Bg7+ Kb4 57. Bf8 Kc3 58. Bg7+ Kb4 59. Bf8 1/2-1/2

[Event "Ulaanbaatar FIDE GP (Women)"]
[White "Hou, Yifan"]
[Black "Xu, Yuhua"]
[Site "Ulaanbaatar"]
[Round "3"]
[Result "1-0"]
[Date "2010.08.01"]
[WhiteElo "2577"]
[BlackElo "2488"]
[PlyCount "81"]
[EventDate "2010.07.30"]
[EventType "tourn"]
[EventRounds "11"]
[EventCountry "MGL"]
[EventCategory "11"]
[SourceTitle "CBM 138"]
[Source "ChessBase"]
[SourceDate "2010.09.17"]
[SourceVersion "1"]
[SourceVersionDate "2010.09.17"]
[SourceQuality "1"]

1. e4 e6 2. d4 d5 3. Nd2 c5 4. Ngf3 cxd4 5. exd5 Qxd5 6. Bc4 Qd6 7. 0-0 Nf6 8. Nb3 Nc6 9. Nfxd4 Nxd4 10. Nxd4 a6 11. Re1 Bd7 12. Bg5 0-0-0 13. Re3 Bc6 14. Rd3 Be4 15. Rd2 Qc7 16. Nxe6 Rxd2 17. Qxd2 Qd6 18. Nxf8 Qxd2 19. Bxd2 Rxf8 20. f3 Bg6 21. c3 Rd8 22. Be3 Nd5 23. Bd4 Nf4 24. Re1 b5 25. Bf1 Nd3 26. Re2 Nc1 27. Rd2 Nxa2 28. Be3 Rxd2 29. Bxd2 Kb7 30. Kf2 Kc6 31. Ke3 a5 32. b4 axb4 33. cxb4 f6 34. Kd4 Bf7 35. Bd3 h5 36. h4 g6 37. g3 g5 38. f4 g4 39. Be4+ Kd6 40. Bc2 Kc6 41. Bd3 1-0

[Event "Jermuk FIDE GP (Women)"]
[White "Fierro Baquero, Martha Lorena"]
[Black "Xu, Yuhua"]
[Site "Jermuk"]
[Round "7"]
[Result "1-0"]
[Date "2010.07.01"]
[WhiteElo "2363"]
[BlackElo "2484"]
[PlyCount "131"]
[EventDate "2010.06.24"]
[EventType "tourn"]
[EventRounds "11"]
[EventCountry "ARM"]
[EventCategory "10"]
[SourceTitle "CBM 137 Extra"]
[Source "ChessBase"]
[SourceDate "2010.09.01"]
[SourceVersion "1"]
[SourceVersionDate "2010.09.01"]
[SourceQuality "1"]

1. e4 e6 2. d4 d5 3. Nd2 c5 4. exd5 Qxd5 5. Ngf3 cxd4 6. Bc4 Qd6 7. 0-0 Nf6 8. Nb3 Nc6 9. Nbxd4 Nxd4 10. Nxd4 a6 11. Re1 Bd7 12. Bg5 Qc5 13. Bxe6 fxe6 14. Bxf6 gxf6 15. Nxe6 Bxe6 16. Rxe6+ Kf7 17. Qd7+ Be7 18. Rae1 Rhe8 19. b4 Qxb4 20. R6e4 Qd6 21. Qf5 Rh8 22. Re6 Qc7 23. R1e4 h5 24. Rxe7+ Qxe7 25. Qd5+ Kf8 26. Rxe7 Kxe7 27. Qxb7+ Ke6 28. h4 Rac8 29. Qxa6+ Kf7 30. Qb7+ Kg6 31. Qe4+ Kg7 32. a4 Rc7 33. Qf5 Ra8 34. a5 Rca7 35. Qxh5 Rxa5 36. Qg4+ Kf7 37. Qd7+ Kg6 38. Qg4+ Kf7 39. Qc4+ Kg7 40. Qc7+ Kg6 41. g4 R8a7 42. Qd8 Kg7 43. Kg2 Rc5 44. h5 Rac7 45. Qe8 Rg5 46. Kg3 Kh7 47. f4 Rgg7 48. Qe4+ Kh8 49. Qe6 Rgf7 50. c4 Kg7 51. c5 Rce7 52. Qf5 Rc7 53. Qg6+ Kh8 54. c6 Rf8 55. h6 Rff7 56. Qe4 Rce7 57. Qd3 Rc7 58. Qc2 Rc8 59. Qg6 Rcc7 60. Kh4 Rf8 61. Kh5 Rff7 62. Qe4 Rce7 63. Qd5 Rf8 64. Qd6 Ref7 65. Kg6 Kg8 66. Qe6 1-0

[Event "Jermuk FIDE GP (Women)"]
[White "Xu, Yuhua"]
[Black "Kovanova, Baira"]
[Site "Jermuk"]
[Round "6"]
[Result "1-0"]
[Date "2010.06.29"]
[WhiteElo "2484"]
[BlackElo "2366"]
[PlyCount "95"]
[EventDate "2010.06.24"]
[EventType "tourn"]
[EventRounds "11"]
[EventCountry "ARM"]
[EventCategory "10"]
[SourceTitle "CBM 137 Extra"]
[Source "ChessBase"]
[SourceDate "2010.09.01"]
[SourceVersion "1"]
[SourceVersionDate "2010.09.01"]
[SourceQuality "1"]

1. e4 e5 2. Nf3 Nc6 3. Bb5 a6 4. Ba4 Nf6 5. 0-0 Be7 6. Re1 b5 7. Bb3 d6 8. c3 0-0 9. h3 Bb7 10. d4 Nd7 11. Nbd2 exd4 12. cxd4 Bf6 13. Nf1 Na5 14. Bc2 Re8 15. N1h2 h5 16. Rb1 c5 17. d5 Nc4 18. b3 Nce5 19. Nd2 Qa5 20. Qxh5 Qxa2 21. Qd1 Ng6 22. Rf1 Rac8 23. Ng4 Bc3 24. Ne3 Nf6 25. Nf3 Rcd8 26. Ng5 Re5 27. h4 Nxh4 28. f4 Ree8 29. Rf2 Qa5 30. f5 Bd4 31. g3 Bxd5 32. Bd2 Qa2 33. Nxd5 Nxd5 34. exd5 f6 35. Ne6 Nf3+ 36. Kg2 Bxf2 37. Kxf3 Bd4 38. Nxd8 Rxd8 39. Bd3 Qa3 40. Qc1 b4 41. Qc2 Re8 42. Bf4 Qa5 43. Bxd6 Qd8 44. Bf4 Qxd5+ 45. Kg4 Kf8 46. Bc4 Qc6 47. Qh2 g5 48. Qh7 1-0

[Event "Jermuk FIDE GP (Women)"]
[White "Stefanova, Antoaneta"]
[Black "Xu, Yuhua"]
[Site "Jermuk"]
[Round "3"]
[Result "1-0"]
[Date "2010.06.26"]
[WhiteElo "2560"]
[BlackElo "2484"]
[PlyCount "87"]
[EventDate "2010.06.24"]
[EventType "tourn"]
[EventRounds "11"]
[EventCountry "ARM"]
[EventCategory "10"]
[SourceTitle "CBM 137 Extra"]
[Source "ChessBase"]
[SourceDate "2010.09.01"]
[SourceVersion "1"]
[SourceVersionDate "2010.09.01"]
[SourceQuality "1"]

1. d4 e6 2. c4 Nf6 3. Nf3 b6 4. g3 Ba6 5. Qc2 Bb4+ 6. Bd2 Be7 7. e4 d5 8. cxd5 Bxf1 9. Kxf1 exd5 10. e5 Ne4 11. Nc3 Nxc3 12. bxc3 Qd7 13. h4 Nc6 14. Re1 0-0-0 15. h5 Kb7 16. Kg2 Rdf8 17. Qd3 Nd8 18. Re2 Ne6 19. Nh2 g6 20. h6 Re8 21. f4 f5 22. exf6 Bxf6 23. Rhe1 Rhf8 24. Qf3 Re7 25. Ng4 Bh8 26. c4 Rf5 27. Bc3 Re8 28. Ne3 Ng5 29. Qf1 Rf7 30. Nxd5 Rxe2+ 31. Rxe2 c6 32. Qh1 cxd5 33. fxg5 Qg4 34. Qe1 Qxg5 35. Re8 Bf6 36. Qe6 Rc7 37. Rf8 Be7 38. Rf7 Bd6 39. Rf3 Qe7 40. Qxd5+ Kb8 41. c5 bxc5 42. Ba5 Rd7 43. Qg8+ Kb7 44. Rb3+ 1-0

[Event "CHN-chT 6th"]
[White "Xu, Yuhua"]
[Black "Fan, Yun"]
[Site "China"]
[Round "4"]
[Result "1-0"]
[Date "2010.06.07"]
[WhiteElo "2478"]
[BlackElo "1962"]
[PlyCount "63"]
[EventDate "2010.04.16"]
[EventType "team-tourn"]
[EventRounds "18"]
[EventCountry "CHN"]
[SourceTitle "CBM 136 Extra"]
[Source "ChessBase"]
[SourceDate "2010.07.02"]
[SourceVersion "2"]
[SourceVersionDate "2010.07.15"]
[SourceQuality "1"]

1. e4 c5 2. Nf3 d6 3. Bb5+ Bd7 4. Bxd7+ Qxd7 5. c4 Nf6 6. Nc3 g6 7. d4 cxd4 8. Nxd4 Bg7 9. f3 0-0 10. Be3 Nc6 11. 0-0 Rac8 12. b3 e6 13. Qd2 Rfd8 14. Rfd1 d5 15. exd5 exd5 16. c5 Ne8 17. Rac1 Nc7 18. Nxc6 Qxc6 19. Bf2 Rd7 20. Ne4 Re8 21. a4 Rde7 22. Nd6 Re2 23. Qb4 Rb8 24. Qa5 Be5 25. Qxa7 Na6 26. Re1 Bxh2+ 27. Kxh2 Rxf2 28. Re7 Rd8 29. Kg1 Rb2 30. Rxb7 Rxd6 31. Rxf7 Rf6 32. Rg7+ 1-0

[Event "All China Games 4th"]
[White "Xu, Jun"]
[Black "Xu, Yuhua"]
[Site "Hefei"]
[Round "10"]
[Result "1/2-1/2"]
[Date "2010.05.20"]
[WhiteElo "2508"]
[BlackElo "2484"]
[PlyCount "126"]
[EventDate "2010.05.17"]
[EventType "swiss (rapid)"]
[EventRounds "11"]
[EventCountry "CHN"]
[SourceTitle "CBM 136 Extra"]
[Source "ChessBase"]
[SourceDate "2010.07.02"]
[SourceVersion "2"]
[SourceVersionDate "2010.07.15"]
[SourceQuality "1"]

1. c4 Nf6 2. Nc3 e5 3. Nf3 Nc6 4. e3 d5 5. cxd5 Nxd5 6. Bb5 Nxc3 7. bxc3 Bd6 8. e4 0-0 9. 0-0 Ne7 10. d4 Ng6 11. h3 c6 12. Bd3 h6 13. a4 Qc7 14. Qb3 Kh8 15. Re1 Be6 16. Qc2 Rad8 17. a5 Bc8 18. Bd2 Qe7 19. Be3 a6 20. Nd2 Bc7 21. Nc4 Qh4 22. Bf1 f5 23. dxe5 Nxe5 24. Nxe5 Bxe5 25. Bb6 Rde8 26. exf5 Bxf5 27. Qd2 Qf6 28. Rac1 Qg6 29. Kh1 Bf6 30. Rxe8 Rxe8 31. Re1 Rc8 32. c4 c5 33. Qd5 Bd4 34. Qxb7 Bxf2 35. Re2 Bd4 36. Qf3 Rf8 37. Re1 Rf7 38. Be2 Be4 39. Qg4 Qc6 40. Bd1 Re7 41. Rf1 Bd3 42. Rf8+ Kh7 43. Qg3 Re3 44. Bf3 Qe6 45. Qg4 Re1+ 46. Kh2 Qd6+ 47. Rf4 Be5 48. g3 Bxf4 49. Qxf4 Re5 50. h4 Qe6 51. Bg4 Bf5 52. Bf3 Be4 53. Bc7 Bxf3 54. Bxe5 Bb7 55. g4 Qc6 56. Qf2 Kg8 57. Qe2 Qh1+ 58. Kg3 g5 59. hxg5 hxg5 60. Kf2 Qg2+ 61. Ke1 Qh1+ 62. Kf2 Qg2+ 63. Ke1 Qh1+ 1/2-1/2

[Event "Nanjing FIDE GP (Women)"]
[White "Zhu, Chen"]
[Black "Xu, Yuhua"]
[Site "Nanjing"]
[Round "9"]
[Result "0-1"]
[Date "2009.10.07"]
[WhiteElo "2488"]
[BlackElo "2485"]
[PlyCount "80"]
[EventDate "2009.09.28"]
[EventType "tourn"]
[EventRounds "11"]
[EventCountry "CHN"]
[EventCategory "8"]
[SourceTitle "CBM 132 Extra"]
[Source "ChessBase"]
[SourceDate "2009.11.03"]
[SourceVersion "1"]
[SourceVersionDate "2009.11.03"]
[SourceQuality "1"]

1. d4 e6 2. c4 Nf6 3. Nc3 Bb4 4. Qc2 0-0 5. a3 Bxc3+ 6. Qxc3 d5 7. cxd5 Ne4 8. Qc2 exd5 9. Bf4 Bf5 10. Qxc7 Qxc7 11. Bxc7 Rc8 12. Bf4 Nc6 13. f3 Nf6 14. g4 Bc2 15. e3 Na5 16. b4 Nb3 17. Ra2 Nc1 18. Rb2 Nxg4 19. e4 Nd3+ 20. Bxd3 Bxd3 21. Kd2 Nf2 22. Be3 Bf1 23. Bxf2 Bg2 24. exd5 Rd8 25. Ke3 Rxd5 26. Ke4 Rh5 27. Bg3 Re8+ 28. Kf4 Bxh1 29. h4 g6 30. Kg4 Rf5 31. Bf2 Rc8 32. Rd2 h5+ 33. Kg3 Bxf3 34. Nxf3 Rc3 35. Kg2 Rfxf3 36. a4 Rfd3 37. Re2 Rc4 38. Rb2 f5 39. a5 Kf7 40. Kh2 Rdc3 0-1

[Event "Nanjing FIDE GP (Women)"]
[White "Xu, Yuhua"]
[Black "Fierro Baquero, Martha Lorena"]
[Site "Nanjing"]
[Round "4"]
[Result "1-0"]
[Date "2009.10.01"]
[WhiteElo "2485"]
[BlackElo "2386"]
[PlyCount "85"]
[EventDate "2009.09.28"]
[EventType "tourn"]
[EventRounds "11"]
[EventCountry "CHN"]
[EventCategory "8"]
[SourceTitle "CBM 132 Extra"]
[Source "ChessBase"]
[SourceDate "2009.11.03"]
[SourceVersion "1"]
[SourceVersionDate "2009.11.03"]
[SourceQuality "1"]

1. e4 d6 2. d4 Nf6 3. Nc3 e5 4. Nge2 Be7 5. g3 c6 6. Bg2 b5 7. a3 a5 8. 0-0 Ba6 9. b4 axb4 10. axb4 0-0 11. h3 Nbd7 12. g4 Nb6 13. Ng3 c5 14. g5 Nfd7 15. dxc5 dxc5 16. Nd5 Nxd5 17. exd5 Bd6 18. Nf5 Qc7 19. Be4 Rfe8 20. Qg4 Nf8 21. Nxd6 Qxd6 22. bxc5 Qxc5 23. Ba3 Qc3 24. Bb4 Qc4 25. Bxf8 Rxf8 26. d6 Ra7 27. Qf5 g6 28. Qxe5 Qc8 29. Rfd1 Re8 30. Qd4 Rd7 31. Bf3 Bb7 32. Bxb7 Qxb7 33. Rab1 Re4 34. Qc5 b4 35. Re1 Rd8 36. Rxe4 Qxe4 37. Rxb4 Qe6 38. Rd4 Qxh3 39. d7 Qe6 40. c4 h6 41. Qd5 Qe1+ 42. Kg2 h5 43. c5 1-0